000
00300nam a22001337a 4500
008
170527b xxu||||| |||| 00| 0 eng d
020
_a
9780135882863
041
_a
eng
080
_a
621
100
_a
25
101
_a
IM
245
_a
MODEL REFERENCE ADAPTIVE VONTROL
_c
BUTLER, H
942
_2
udc
_c
BK
999
_c
14643
_d
14643